Online Catalogue and eLibrary

Sociological Theory: What Went Wrong? (Record no. 1068)

MARC details
000 -LEADER
fixed length control field 00484nam a2200181Ia 4500
005 - DATE AND TIME OF LATEST TRANSACTION
control field 20250317055612.0
008 - FIXED-LENGTH DATA ELEMENTS--GENERAL INFORMATION
fixed length control field 240331s9999 xx 000 0 und d
020 ## - INTERNATIONAL STANDARD BOOK NUMBER
ISBN 0415076943
082 ## - DDC Classification
Class No. 301
Item Number - Author Mark MOU
DDC Edition Number 5397
100 ## - MAIN ENTRY--PERSONAL NAME
Personal name Mouzelis, N
245 #0 - TITLE STATEMENT
Title Sociological Theory: What Went Wrong?
Remainder of title Diagnosis and Remedies
260 ## - PUBLICATION, DISTRIBUTION, ETC.
Place of publication, distribution, etc. London;
-- New York,
Name of publisher, distributor, etc. Routledge
Date of publication, distribution, etc. 1995
300 ## - PHYSICAL DESCRIPTION
Extent (e.g. Volumes, Pages etc.) xi, 220 p.,
650 ## - SUBJECT ADDED ENTRY--TOPICAL TERM
Topical term or geographic name entry element Sociology
650 ## - SUBJECT ADDED ENTRY--TOPICAL TERM
Topical term or geographic name entry element Post-Structuralism
650 ## - SUBJECT ADDED ENTRY--TOPICAL TERM
Topical term or geographic name entry element Evolution
942 ## - Koha item type (Biblio)
Koha item type Books in Stacks (Lending)
Holdings
Lost status Damaged status Collection code Home library Current library Shelving location Date acquired Full call number Accession Number Item type
    Lending WERC Library WERC Library Social Science Cupboard 03/31/2024 301 MOU 5397 Books in Stacks (Lending)

© WERC Library